| 000 | 01682nam a2200253 i 4500 | ||
|---|---|---|---|
| 001 | 10010 | ||
| 003 | ES-MaACL | ||
| 005 | 20250804062640.0 | ||
| 008 | 940916s1994 sp ||||1| spa d | ||
| 020 | _a84-7223-432-0 | ||
| 080 | _a821.134.2-31"19" | ||
| 100 | 1 |
_aGrandes, Almudena, _d1960-2021 _959600 |
|
| 245 | 1 | 0 |
_aMalena es un nombre de tango / _cAlmudena Grandes. |
| 250 | _a1ª ed. | ||
| 260 |
_aBarcelona : _bTusquets, _c1994. |
||
| 300 |
_a552 p. ; _c23 cm. |
||
| 490 | 1 |
_aAndanzas ; _v211 |
|
| 520 | _aMalena tiene doce años cuando recibe, sin razón, y sin derecho alguno, de manos de su abuelo el último tesoro que conserva la familia : una esmeralda antigua, sin tallar, de la que ella nunca podrá hablar porque algún día le salvará la vida. A partir de entonces, esa niña desorientada y perpleja, que reza en silencio para volverse niño porque presiente que jamás conseguirá parecerse a su hermana melliza, Reina, la mujer perfecta, empieza a sospechar que no es la primera Fernández de Alcántara incapaz de encontrar el lugar adecuado en el mundo. Se propone entonces desenmarañar el laberinto de secretos que late bajo la apacible piel de su familia, una ejemplar familia burguesa madrileña. A la sombra de una vieja maldición, Malena aprende a mirarse, como en un espejo, en la memoria de quienes se creyeron malditos antes que ella y descubre, mientras alcanza la madurez, un reflejo de sus miedos y de su amor en la sucesión de mujeres imperfectas que la han precedido. | ||
| 655 | 0 |
_aNovelas _9234319 |
|
| 830 | 1 | 0 |
_aColección Andanzas _v211 _9234359 |
| 852 | 4 |
_aES-MaACL _jL-17492 |
|
| 942 | _2udc | ||
| 999 |
_c10010 _d10010 |
||